000 00526nam a2200181Ia 4500
003 OSt
005 20240404165459.0
008 210210b1956 xxu||||| |||| 00| 0 eng d
040 _cAL
041 _aKannada
082 _a852/580
100 _aSHIVARAMA KARANTA
_993451
_dಶಿವರಾಮ ಕಾರಂತ.
245 _aNamma suttalina kadalu
_bನಮ್ಮ ಸುತ್ತಲಿನ ಕಡಲು
260 _aPutturu
_bHarsha Prakatanalaya
_c1956
690 _aKannada Prose
_993452
906 _a019145
942 _2ddc
_cBK
999 _c143261
_d143261